000
00330nam a2200133Ia 4500
008
220216s9999 xx 000 0 und d
100
_a
Brombach Frank
245
0
_a
Global trends in demand for butyl rubber
260
_b
Rubber Asia
_c
2006
300
_a
49-51
650
_a
Butyl rubber
650
_a
Global trends
942
_c
JS
999
_c
59981
_d
59981